00402nam a2200157Ia 4500008004100000020001800041245002300059245006500082260001500147260001600162260000900178300001400187300002500201300001000226500000800236170705s9999 xx 000 0 und d a978043985377x aBoom chicka rock / cby John Archambaul ; illustrated by Suzanne Tanner Chitwood. aNew York : bScholastic, c2004 aunpaged : bcolor illustration ; c28cm. a100